Δωδώνη : μέρος τρίτο : επιστημονική επετηρίδα του Τμήματος Φιλοσοφίας, Παιδαγωγικής και Ψυχολογίας της Φιλοσοφικής Σχολής του Πανεπιστημίου Ιωαννίνων
Αποθηκεύτηκε σε:
| Συγγραφή απο Οργανισμό/Αρχή: | |
|---|---|
| Μορφή: | Βιβλίο |
| Γλώσσα: | Greek |
| Δημοσίευση: |
Ιωάννινα :
Φιλοσοφική Σχολή Πανεπιστημίου Ιωαννίνων,
1985-1991
|
| Θέματα: | |
| Ετικέτες: |
Προσθήκη ετικέτας
Δεν υπάρχουν, Καταχωρήστε ετικέτα πρώτοι!
|
MARC
| LEADER | 00000cam a2200000 i 4500 | ||
|---|---|---|---|
| 001 | 1/88462 | ||
| 008 | 051101s19 gre d | ||
| 035 | |l 10081084 | ||
| 040 | |a GR-MY-UA |b gre |e aacr | ||
| 041 | 0 | |a gre | |
| 082 | 0 | |a 199.495 |2 (22) | |
| 245 | 1 | 0 | |a Δωδώνη : |b μέρος τρίτο : επιστημονική επετηρίδα του Τμήματος Φιλοσοφίας, Παιδαγωγικής και Ψυχολογίας της Φιλοσοφικής Σχολής του Πανεπιστημίου Ιωαννίνων |
| 260 | |a Ιωάννινα : |b Φιλοσοφική Σχολή Πανεπιστημίου Ιωαννίνων, |c 1985-1991 | ||
| 300 | |a (τ.14:224 σ., τ.15:231 σ., τ.16:277 σ., τ.17:173 σ., τ.18:215 σ., τ.19:184 σ., τ.20:191 σ.) ; |c 24 εκ. | ||
| 504 | |a Περιλαμβάνει βιβλιογραφικές αναφορές | ||
| 505 | 0 | |a τόμ. 17: Σπ. Δ. Κυριαζόπουλος (1932-1977) In memoriam. τόμ. 20: αφιέρωμα στον Ν. Πουλαντζά. | |
| 610 | 2 | 0 | |a Φιλοσοφική Σχολή Πανεπιστημίου Ιωαννίνων. |
| 650 | 0 | 0 | |a Philosophy, Greek (Modern) |
| 710 | 2 | |a Φιλοσοφική Σχολή Πανεπιστημίου Ιωαννίνων. | |
| 740 | 0 | 2 | |a Σπ. Δ. Κυριαζόπουλος (1932-1977) In memoriam |
| 740 | 0 | 2 | |a Aφιέρωμα στον Ν. Πουλαντζά |
| 852 | |a INST |b CHIOS |e 20051101 |h 199.495 ΔΩΔ |p 005200024335 |q 005200024335 |t BK |y 0 |z τ.19 | ||
| 852 | |a INST |b CHIOS |e 20051101 |h 199.495 ΔΩΔ |p 005200024690 |q 005200024690 |t BK |y 0 |z τ.18 | ||
| 852 | |a INST |b CHIOS |e 20051101 |h 199.495 ΔΩΔ |p 005200024691 |q 005200024691 |t BK |y 0 |z τ.17 | ||
| 852 | |a INST |b CHIOS |e 20051101 |h 199.495 ΔΩΔ |p 005200024692 |q 005200024692 |t BK |y 0 |z τ.16 | ||
| 852 | |a INST |b CHIOS |e 20051101 |h 199.495 ΔΩΔ |p 005200024693 |q 005200024693 |t BK |y 0 |z τ.15 | ||
| 852 | |a INST |b CHIOS |e 20051101 |h 199.495 ΔΩΔ |p 005200024694 |q 005200024694 |t BK |y 0 |z τ.14 | ||
| 852 | |a INST |b CHIOS |e 20051101 |h 199.495 ΔΩΔ |p 005200024695 |q 005200024695 |t BK |y 0 |z τ.20 | ||
| 852 | |a INST |b CHIOS |e 20051101 |h 199.495 ΔΩΔ |p 005200024335 |q 005200024335 |t BK |v τ.19: |y 0 |z τ.19 | ||
| 852 | |a INST |b CHIOS |e 20051101 |h 199.495 ΔΩΔ |p 005200024690 |q 005200024690 |t BK |v τ.18: |y 0 |z τ.18 | ||
| 852 | |a INST |b CHIOS |e 20051101 |h 199.495 ΔΩΔ |p 005200024691 |q 005200024691 |t BK |v τ.17: |y 0 |z τ.17 | ||
| 852 | |a INST |b CHIOS |e 20051101 |h 199.495 ΔΩΔ |p 005200024692 |q 005200024692 |t BK |v τ.16: |y 0 |z τ.16 | ||
| 852 | |a INST |b CHIOS |e 20051101 |h 199.495 ΔΩΔ |p 005200024693 |q 005200024693 |t BK |v τ.15: |y 0 |z τ.15 | ||
| 852 | |a INST |b CHIOS |e 20051101 |h 199.495 ΔΩΔ |p 005200024694 |q 005200024694 |t BK |v τ.14: |y 0 |z τ.14 | ||
| 852 | |a INST |b CHIOS |e 20051101 |h 199.495 ΔΩΔ |p 005200024695 |q 005200024695 |t BK |v τ.20: |y 0 |z τ.20 | ||
| 853 | |a INST |b CHIOS |h 199.495 ΔΩΔ | ||
| 901 | |a BIBL2-2005-3 | ||
| 909 | |a Χ |b 106688 | ||
| 909 | |a Χ |b 105690 | ||
| 909 | |a Χ |b 102779 | ||
| 909 | |a Χ |b 105678 | ||
| 909 | |a Χ |b 098414 | ||
| 909 | |a Χ |b 098415 | ||
| 909 | |a Χ |b 084077 | ||
| 970 | |a ΣΑΛΑΜΟΥΡΑ |b ΜΑΡΙΑ |z 2005/11/01 | ||